000 00466nam a2200181Ia 4500
003 OSt
005 20250826105840.0
008 220917b |||||||| |||| 00| 0 eng d
037 _cTB
040 _aARTS
_cARTS
_beng
041 _2eng
_aeng
084 _aU.58 L7
_qAL
245 0 _aSoviet North tr from the Russian by David Sinlair Louit
260 _c1977
650 _aGEOPOLITICS
_940978
942 _hU.58 L7
_cTB
_2CC
_n0
999 _c213273
_d213273